| 000 | 00640nam a2200193 a 4500 | ||
|---|---|---|---|
| 005 | 20210223120536.0 | ||
| 008 | 991125s1975 mx 000 0 spa u | ||
| 035 | _aUPN01000003141 | ||
| 049 | _aCG | ||
| 050 | 4 |
_aR131 _bA5.3 |
|
| 245 | 0 | 0 |
_aAntología de ciencias de la salud / _ccomp. José Rodríguez Domínguez. |
| 260 |
_aMéxico : _bUNAM, Dirección General de Publicaciones, _c1975. |
||
| 300 |
_a333 p. : _bil. |
||
| 440 | 0 |
_aLecturas universitarias ; _v24 |
|
| 650 | 4 |
_aMEDICINA - _xHISTORIA _927181 |
|
| 650 | 4 |
_aMEDICINA - _vDISCURSOS, ENSAYOS, CONFERENCIAS, ETC. |
|
| 700 | 1 |
_aRodríguez Domínguez, José, _ecomp. |
|
| 905 | _aLibro | ||
| 999 |
_c3141 _d3141 |
||